The Governance of Economic Development : (Record no. 1678454)

MARC details
000 -LEADER
fixed length control field 00813nam a22002417a 4500
003 - CONTROL NUMBER IDENTIFIER
control field OSt
005 - DATE AND TIME OF LATEST TRANSACTION
control field 20260202112831.0
008 - FIXED-LENGTH DATA ELEMENTS--GENERAL INFORMATION
fixed length control field 260202b |||||||| |||| 00| 0 eng d
020 ## - INTERNATIONAL STANDARD BOOK NUMBER
International Standard Book Number 9781032505572
040 ## - CATALOGING SOURCE
Original cataloging agency EASL
Language of cataloging eng
Transcribing agency EASL
041 ## - LANGUAGE CODE
Language code of text/sound track or separate title eng
Source of code eng
084 ## - COLON CLASSIFICATION NUMBER
Classification number X41:7.41'P24 R4
Assigning agency EASL
100 ## - MAIN ENTRY--PERSONAL NAME
Personal name Au, Anson
9 (RLIN) 1113060
245 ## - TITLE STATEMENT
Title The Governance of Economic Development :
Remainder of title Investment, Innovation, and Competition in China /
260 ## - PUBLICATION, DISTRIBUTION, ETC.
Place of publication, distribution, etc. New York :
Name of publisher, distributor, etc. Routledge ,
Date of publication, distribution, etc. 2024 .
300 ## - PHYSICAL DESCRIPTION
Extent viii, 151p.
490 ## - SERIES STATEMENT
Series statement Routledge Studies in the Modern World Economy
650 ## - SUBJECT ADDED ENTRY--TOPICAL TERM
Topical term or geographic name entry element Chinese English Language
9 (RLIN) 1113061
651 ## - SUBJECT ADDED ENTRY--GEOGRAPHIC NAME
Geographic name Economic development in--China.
9 (RLIN) 1113062
700 ## - ADDED ENTRY--PERSONAL NAME
Personal name Au, Anson
9 (RLIN) 1113060
942 ## - ADDED ENTRY ELEMENTS (KOHA)
Source of classification or shelving scheme Colon Classification (CC)
Suppress in OPAC No
Koha item type Textual
Classification part X41:7.41'P24 R4

No items available.

Copyright @ Delhi University Library System